La filosofía política en Platón (Record no. 114770)

MARC details
000 -LEADER
campo de control de longitud fija 00588nam a22001811 4500
001 - NÚMERO DE CONTROL
campo de control 114770
003 - IDENTIFICADOR DE NÚMERO DE CONTROL
campo de control ES-MaACL
005 - FECHA Y HORA DE LA ÚLTIMA TRANSACCIÓN
campo de control 20231227134111.0
007 - CAMPO FIJO DE DESCRIPCIÓN FÍSICA--INFORMACIÓN GENERAL
campo de control de longitud fija t|
008 - DATOS DE LONGITUD FIJA--INFORMACIÓN GENERAL
campo de control de longitud fija 070326s1911 sp ||||0| spa d
100 1# - ENTRADA PRINCIPAL--NOMBRE DE PERSONA
Nombre de persona Ríos, Fernando de los,
Fechas asociadas al nombre 1879-1949
9 (RLIN) 97398
245 13 - MENCIÓN DEL TÍTULO
Título La filosofía política en Platón
Resto del título : tesis doctoral /
Mención de responsabilidad, etc. por Fernando del Río Urruti.
260 ## - PUBLICACIÓN, DISTRIBUCIÓN, ETC.
Lugar de publicación, distribución, etc. Madrid :
Nombre del editor, distribuidor, etc. [s.n.],
Fecha de publicación, distribución, etc. 1911 (
Fabricante Imp. y Est. de A. Gascon)
300 ## - DESCRIPCIÓN FÍSICA
Extensión 46 p., 1 h ;
Dimensiones 21 cm.
500 ## - NOTA GENERAL
Nota general Precede al tít.: Facultad de Derecho.
852 ## - LOCALIZACIÓN
Ubicación ES-MaACL
Número de control de estantería T-1222-F-7
Holdings
Estatus retirado Estado de pérdida Estado de daño No para préstamo Colección Biblioteca de origen Biblioteca actual Ubicación en estantería Fecha de adquisición Fuente de adquisición Total de préstamos Signatura topográfica completa Código de barras Visto por última vez Precio de reemplazo Tipo de ítem Koha
        Colección de folletos Biblioteca del Ateneo de Madrid Biblioteca del Ateneo de Madrid Depósito folletos 17/01/2008     T-1222-F-7 1119683 23/02/2023 23/02/2023 Folleto